Online Catalogue and eLibrary

Vimarshana sahitha kawsilumina kaawyaya (Record no. 5454)

MARC details
000 -LEADER
fixed length control field 00387nam a2200157Ia 4500
005 - DATE AND TIME OF LATEST TRANSACTION
control field 20250701015258.0
008 - FIXED-LENGTH DATA ELEMENTS--GENERAL INFORMATION
fixed length control field 240331s9999 xx 000 0 und d
020 ## - INTERNATIONAL STANDARD BOOK NUMBER
ISBN 9555540209
082 ## - DDC Classification
Item Number - Author Mark JAY
Class No. 891
100 ## - MAIN ENTRY--PERSONAL NAME
Personal name Jayathilake,K
245 #0 - TITLE STATEMENT
Title Vimarshana sahitha kawsilumina kaawyaya
260 ## - PUBLICATION, DISTRIBUTION, ETC.
Place of publication, distribution, etc. Colombo
Name of publisher, distributor, etc. Pradeep Publishers
Date of publication, distribution, etc. 1992
300 ## - PHYSICAL DESCRIPTION
Extent (e.g. Volumes, Pages etc.) 288 p .,
650 ## - SUBJECT ADDED ENTRY--TOPICAL TERM
Topical term or geographic name entry element poem
942 ## - Koha item type (Biblio)
Koha item type Books in Stacks (Lending)
Holdings
Lost status Damaged status Collection code Home library Current library Shelving location Date acquired Full call number Accession Number Item type
    Lending WERC Library WERC Library Social Science Cupboard 03/31/2024 891.48 JAY 1392 Books in Stacks (Lending)

© WERC Library